| 000 | 00458cam2a220018100 4500 | ||
|---|---|---|---|
| 001 | tmp15951635 | ||
| 003 | UPRA | ||
| 005 | 20190814133605.0 | ||
| 008 | 951115s1991 xx eng u | ||
| 035 | _a(Sirsi) r27117 | ||
| 035 | _a(UPRA)tmp15951635 | ||
| 040 | _cUPRA | ||
| 100 | 1 |
_aNobile, S. _6A91096.1 |
|
| 245 | 1 | 0 |
_aVitamin C : _bthe mysterious redox system. |
| 260 | _c1991. | ||
| 949 |
_aQP772 _wLC _i-28270 _mMEDICAL _tBOOK _lON-SHELF |
||
| 004 | 27117 | ||
| 999 |
_c56555 _d56555 |
||